| 000 | 01031nam0a22002411 4500 | ||
|---|---|---|---|
| 001 | rc\2352266 | ||
| 005 | 20110829152734.6 | ||
| 035 | _a(NLR Aleph) 006476868 | ||
| 090 |
_a5992830 _c5992830 |
||
| 100 | _a20110829d1977 |||y0rusy50 ca | ||
| 101 | 0 | _arus | |
| 102 | _aRU | ||
| 105 | _aa z ||||| | ||
| 200 | 1 |
_aРуководство по выполнению статических расчетов строительных конструкций на ЭВМ Наири-К _e[Учеб. пособие для вузов] _fМ-во высш. и сред. спец. образования Латв. ССР. Риж. политехн. ин-т. Каф. строит. конструкций |
|
| 210 |
_aРига _cБ. и. _d1977 |
||
| 215 |
_a36 с. _cил. _d28 |
||
| 700 | 1 |
_aКирпичников _bВ. С. _gВладимир Самуилович |
|
| 701 | 1 |
_aЯнсонс _bИ. А. _gИмант Арнольдович |
|
| 801 | 0 |
_aRU _bNLR _gpsbo |
|
| 801 | 1 |
_aRU _bELAR _2rusmarc |
|
| 852 |
_aNLR _j77-8/2237 |
||
| 942 | _cBOOK | ||
| 980 | _aNB | ||